Tribhuvan University Central Library

Subversion of patriarchal norms in Arthur Halley,s Hotel. (Record no. 96180)

MARC details
000 -LEADER
fixed length control field 00419nam a22001457a 4500
008 - FIXED-LENGTH DATA ELEMENTS--GENERAL INFORMATION
fixed length control field 200320b xxu||||| |||| 00| 0 eng d
082 ## - DEWEY DECIMAL CLASSIFICATION NUMBER
Classification number CD16561
100 ## - MAIN ENTRY--PERSONAL NAME
Personal name Gurung, Birendra
245 ## - TITLE STATEMENT
Title Subversion of patriarchal norms in Arthur Halley,s Hotel.
260 ## - PUBLICATION, DISTRIBUTION, ETC. (IMPRINT)
Place of publication, distribution, etc Kathmandu:
Date of publication, distribution, etc 2014.
502 ## - DISSERTATION NOTE
Dissertation note Dissertation
Degree type Degree in English
Name of granting institution T.U.
650 ## - SUBJECT ADDED ENTRY--TOPICAL TERM
Topical term or geographic name as entry element English literature
650 ## - SUBJECT ADDED ENTRY--TOPICAL TERM
Topical term or geographic name as entry element English novel
942 ## - ADDED ENTRY ELEMENTS (KOHA)
Source of classification or shelving scheme Dewey Decimal Classification
Koha item type Audio Visual Materials
Holdings
Withdrawn status Lost status Source of classification or shelving scheme Damaged status Not for loan Home library Current library Date acquired Total Checkouts Full call number Barcode Date last seen Price effective from Koha item type
    Dewey Decimal Classification     Tribhuvan University Central Library Tribhuvan University Central Library 03/20/2020   CD16561 A16512 03/20/2020 03/20/2020 Audio Visual Materials